000
00195nam a22000857a 4500
008
170427b xxu||||| |||| 00| 0 eng d
100
_9
3087
_a
Jain.M.etal.
245
_a
Physics-XII
260
_a
New Delhi
999
_c
6374
_d
6374